书目信息 |
| 题名: |
布谷声声
|
|
| 作者: | 林振地 编注 ;上海市艺术教育委员会 , 上海市艺术教育中心 编 | |
| 分册: | 五线谱版 | |
| 出版信息: | 上海 上海音乐出版社 2005 |
|
| 页数: | 247页 | |
| 开本: | 30cm | |
| 丛书名: | ||
| 单 册: | ||
| 中图分类: | J652.6 | |
| 科图分类: | ||
| 主题词: | 合唱--儿童歌曲--世界--选集 , 合唱 , 儿童歌曲 | |
| 电子资源: | ||
| ISBN: | 7-80667-686-4 | |
| 000 | 00958nam0 2200265 450 | |
| 001 | 1260959062 | |
| 005 | 20121019165646.87 | |
| 010 | @a7-80667-686-4@dCNY25.00 | |
| 100 | @a20050316d2005 em y0chiy50 ea | |
| 101 | 0 | @achi |
| 102 | @aCN@b310000 | |
| 105 | @ag z 000yy | |
| 200 | 1 | @a布谷声声@Abu gu sheng sheng@e上海市学生艺术节推荐合唱歌曲@i五线谱版@f林振地编注@g上海市艺术教育委员会,上海市艺术教育中心[编] |
| 210 | @a上海@c上海音乐出版社@d2005 | |
| 215 | @a247页@d30cm | |
| 517 | 1 | @a上海市学生艺术节推荐合唱歌曲@Ashang hai shi xue sheng yi shu jie tui jian he chang ge qu |
| 606 | 0 | @a合唱@x儿童歌曲@y世界@j选集 |
| 606 | 0 | @a合唱 |
| 606 | 0 | @a儿童歌曲 |
| 690 | @aJ652.6@v4 | |
| 701 | 0 | @a林振地@Alin zhen di@4编注 |
| 712 | 02 | @a上海市艺术教育委员会@Ashang hai shi yi shu jiao yu wei yuan hui@4编 |
| 712 | 02 | @a上海市艺术教育中心@Ashang hai shi yi shu jiao yu zhong xin@4编 |
| 801 | 0 | @aCN@bNLC@c20101222 |
| 905 | @a10447@dJ652.6@eJY116 | |
| 布谷声声:上海市学生艺术节推荐合唱歌曲.五线谱版/林振地编注/上海市艺术教育委员会,上海市艺术教育中心[编].-上海:上海音乐出版社,2005 |
| 247页;30cm |
| ISBN 7-80667-686-4:CNY25.00 |
| ● |
| 相关链接 |
|
|
|
|
正题名:布谷声声
索取号:J652.6/JY116
 
预约/预借
| 序号 | 登录号 | 条形码 | 馆藏地/架位号 | 状态 | 备注 |
| 1 | 7834227 | 278342278 | 学院路分馆/ [索取号:J652.6/JY116] | 在馆 | |
| 2 | 7834228 | 278342287 | 学院路分馆/ [索取号:J652.6/JY116] | 在馆 | |
| 3 | 7834229 | 278342296 | 学院路分馆/ [索取号:J652.6/JY116] | 在馆 | |
| 4 | 7834230 | 278342303 | 学院路分馆/ [索取号:J652.6/JY116] | 在馆 |